El primer lenguaje constitucional español : las Cortes de Cádiz /

Salvato in:
Dettagli Bibliografici
Autore principale: Seoane, María Cruz (autor)
Altri autori: Lapesa Melgar, Rafael (prólogo) (prólogo)
Natura: Libro
Lingua:spagnolo
Pubblicazione: Madrid, España : Moneda y Crédito, 1968
Serie:(Estudios de Humanidades ; 5)
Soggetti:
Tags: Aggiungi Tag
Nessun Tag, puoi essere il primo ad aggiungerne!!

MARC

LEADER 00000nam^a2200000^a^4500
001 000158318
005 20250521000000.0
009 20260310100610.203
037 |a Acervo ITESO - Biblioteca 
041 |a ESP 
082 |a 946. 07  |b SEO 
100 |a Seoane, María Cruz  |e (autor) 
245 1 3 |a El primer lenguaje constitucional español :  |b las Cortes de Cádiz /  |c M.C. Soane ; pról. de R. Lapesa Melgar. 
264 1 |a Madrid, España :  |b Moneda y Crédito,  |c 1968 
300 |a 220 p. 
336 |a texto  |b txt  |2 rdacontenido 
337 |a sin mediación  |b n  |2 rdamedio 
338 |a volumen  |b nc  |2 rdasoporte 
440 1 |a (Estudios de Humanidades ;  |v 5) 
649 |a XX 
650 |a Asamblea Constituyente -  |z España -  |x Historia -  |y Fernando VII, 1814-1833 -  |x Tema Principal 
650 |a Poder Legislativo -  |z España -  |x Historia -  |y Fernando VII, 1814-1833 
650 |a Derecho Constitucional -  |z España -  |x Historia -  |y Fernando VII, 1814-1833 
650 |a Derecho y Política -  |z España -  |x Historia -  |y Fernando VII, 1814-1833 
650 |a Política -  |z España -  |x Historia -  |y Fernando VII, 1814-1833 
650 |a España -  |x Historia -  |y Fernando VII, 1814-1833 
650 |a España -  |x Historia -  |y Siglo XIX 
650 |a España -  |x Historia -  |y Borbones, 1700-1931 
700 |a Lapesa Melgar, Rafael  |e (prólogo) 
910 |a Fondo Salvador Reynoso Reynoso 
920 |a Impresos - Libros 
930 |a Fondos Especiales 
905 |a 112 
901 |a 0800016439  |b IT2  |c ESP  |u 20250521 
902 |a https://opac.biblio.iteso.mx/vufind/Record/000158318